000 01246nam0a22003011 4500
001 rc\3320572
005 20130115150909.4
021 _aRU
_b69-67598
021 _aRU
_bРг9492-69
035 _a(NLR Aleph) 007419605
090 _a6901796
_c6901796
100 _a20130115d1969 |||y0rusy50 ca
101 0 _arus
102 _aRU
105 _aa j |||||
200 1 _aАвиационные радионавигационные устройства и системы
_e[Учебник для слушателей радиотехн. фак. инж. ВВУЗов ВВС]
_fКиевское высш. инж.-авиац. воен. училище ВВС
210 _aКиев
_cБ. и.
_d1969
215 _a400 с.
_cил.
_d24
300 _aПеред загл. авт.: Г.К. Дудко, М.Н. Новокшанов, В.П. Соломяный
320 _aБиблиогр.: с. 395-396
700 1 _aДудко
_bГ. К.
_gГеоргий Кириллович
701 1 _aНовокшанов
_bМ. Н.
_gМихаил Николаевич
701 1 _aСоломяный
_bВ. П.
_gВасилий Прокофьевич
801 0 _aRU
_bNLR
_gpsbo
801 1 _aRU
_bELAR
_2rusmarc
852 _aNLR
_j69-7/1948
942 _cBOOK
980 _aNB